| 000 -LEADER |
| fixed length control field |
03778nam a2200277 a 4500 |
| 001 - CONTROL NUMBER |
| control field |
ASIN1846143268 |
| 005 - DATE AND TIME OF LATEST TRANSACTION |
| control field |
20170105102911.0 |
| 008 - FIXED-LENGTH DATA ELEMENTS--GENERAL INFORMATION |
| fixed length control field |
131029s2012 xxu eng d |
| 020 ## - INTERNATIONAL STANDARD BOOK NUMBER |
| International Standard Book Number |
1846143268 (hardcover) |
| Terms of availability |
$54.75 |
| 020 ## - INTERNATIONAL STANDARD BOOK NUMBER |
| International Standard Book Number |
9781846143267 (hardcover) |
| 040 ## - CATALOGING SOURCE |
| Original cataloging agency |
0 |
| 050 04 - LIBRARY OF CONGRESS CALL NUMBER |
| Classification number |
HV8144.F43 |
| 082 04 - DEWEY DECIMAL CLASSIFICATION NUMBER |
| Classification number |
363.2509730904 |
| 100 1# - MAIN ENTRY--PERSONAL NAME |
| Personal name |
Weiner, Tim. |
| 245 10 - TITLE STATEMENT |
| Title |
Enemies : |
| Remainder of title |
a history of the fbi / |
| Statement of responsibility, etc. |
Tim Weiner. |
| 250 ## - EDITION STATEMENT |
| Edition statement |
Second Impression ed. |
| 260 ## - PUBLICATION, DISTRIBUTION, ETC. |
| Place of publication, distribution, etc. |
[S.l.] : |
| Name of publisher, distributor, etc. |
Allen Lane, |
| Date of publication, distribution, etc. |
2012. |
| 300 ## - PHYSICAL DESCRIPTION |
| Extent |
560 p. ; |
| Dimensions |
24 cm. |
| 520 ## - SUMMARY, ETC. |
| Summary, etc. |
This title is the epic, disturbing story of how the FBI is America's real secret service. "Such creatures of passion, disloyalty, and anarchy must be crushed out. The hand of our power should close over them at once". (President Woodrow Wilson, 1919). The United States is a country founded on the ideals of democracy and freedom, yet throughout the last century it has used secret and lawless methods to destroy its enemies. The Federal Bureau of Investigation is the most powerful of these forces. Following his award-winning history of the C.I.A., "Legacy of Ashes", Tim Weiner has now written the first full history of the F.B.I. as a secret intellligence service. Drawn entirely from firsthand materials in the F.B.I.'s own files, "Enemies" brilliantly brings to life the entire story, from the cracking of anarchist cells to the prosecution of the 'war on terror'. It is the story of America's war against spies, subversives and saboteurs - and the self-inflicted wounds American democracy suffered in battle. Throughout the book lies the long shadow of J. Edgar Hoover, who ran the F.B.I. with an iron fist for forty-eight years. He was not a monster, but a brilliant confidence man who ruled by fear, force, and fraud. His power shaped America; his legacy haunts it. Reviews: "Truly impressive...["Enemies"] could have been put together only by a journalist of Weiner's stature". (Keith Lowe, "Sunday Telegraph"). "A history that moves at the pace of a James Ellroy novel. But Weiner's truth is wilder even than Ellroy's fiction. Weiner sets the record straight on the FBI's first 100 years using only the Bureau's documents and oral testimony, most of which has never been seen". (David Blackburn, "Spectator"). "An outstanding piece of work, even-handed, exhaustively researched, smoothly written and thematically timely...This is certainly the most complete book we are likely to see about the F.B.I.'s intelligence-gathering operations, from Emma Goldman to Osama bin Laden". (Bryan Burrough, "New York Times"). "Extensively researched, admirably understated, yet terrifically entertaining". (Boston Globe). "Important and disturbing...Weiner lays bare a record of embarrassing, even stunning failure, in which the bureau's lawlessness was matched only by its incompetence...[he] has done prodigious research, yet tells this depressing story with all the verve and coherence of a good spy thriller". ("New York Times Book Review"). About the author: Tim Weiner is a Pulitzer Prize-winning journalist at the "New York Times", where he has reported from Afghanistan, Pakistan, Sudan and fifteen other nations. He was based for a decade in Washington, DC, where he covered the C.I.A. and the Military - the latter topic being the subject of his "Blank Check: The Pentagon's Black Budget". He is the author of the bestselling "Legacy of Ashes: The History of the CIA", which won the 2007 National Book Award for Non-Fiction. |
| 650 #0 - SUBJECT ADDED ENTRY--TOPICAL TERM |
| Topical term or geographic name entry element |
Espionage |
| 650 #0 - SUBJECT ADDED ENTRY--TOPICAL TERM |
| Topical term or geographic name entry element |
Hoover, J. Edgar (John Edgar), 1895-1972 |
| 650 #0 - SUBJECT ADDED ENTRY--TOPICAL TERM |
| Topical term or geographic name entry element |
United States |
| 650 #0 - SUBJECT ADDED ENTRY--TOPICAL TERM |
| Topical term or geographic name entry element |
United States. Federal Bureau of Investigation |
| 856 40 - ELECTRONIC LOCATION AND ACCESS |
| Materials specified |
Amazon.com |
| Uniform Resource Identifier |
<a href="http://www.amazon.com/exec/obidos/ASIN/1846143268/chopaconline-20">http://www.amazon.com/exec/obidos/ASIN/1846143268/chopaconline-20</a> |
| 942 ## - ADDED ENTRY ELEMENTS (KOHA) |
| Source of classification or shelving scheme |
|
| Koha item type |
Book |